[Event "TCh-CHN 2012"]
[Site "Tianjin CHN"]
[Date "2012.07.14"]
[Round "10"]
[White "Zhai Mo"]
[Black "Javakhishvili,L"]
[Result "0-1"]
[WhiteElo "2262"]
[BlackElo "2448"]

1.e4 c5 2.Nf3 e6 3.d4 cxd4 4.Nxd4 a6 5.Bd3 Ne7 6.O-O Nbc6 7.Nb3 g6 8.Nc3 Bg7
9.Bf4 d6 10.Qd2 h6 11.Be2 Be5 12.Be3 g5 13.Bh5 Ng8 14.g3 Nf6 15.Be2 Rg8 16.f4 gxf4
17.Bxf4 h5 18.Kh1 b5 19.Bxe5 Nxe5 20.Qf4 Rg6 21.a3 Bb7 22.Nc5 Qc7 23.Nxb7 Qxb7
24.Qh4 Qe7 25.Rf4 Nfg4 26.Qxe7+ Kxe7 27.h3 Ne3 28.Kh2 Rh6 29.Bd3 Rc8 30.Rb1 Rf6
31.Rxf6 Kxf6 32.Kg1 N3c4 33.Ne2 h4 34.g4 Nf3+ 35.Kf2 Ng5 36.Kg2 Nd2 37.Re1 Ndxe4
38.b4 Nc3 39.Nd4 Nd5 40.Rf1+ Ke7 41.Kh2 Rc3 42.Ra1 Nf4 43.Bf1 Kf6 44.Ra2 Ke5
45.Ne2 Nxe2 46.Bxe2 Rxh3+ 47.Kg2 Rg3+ 48.Kh2 Nf3+ 49.Bxf3 Rxf3 50.a4 Rf4
51.c3 Rc4 52.axb5 axb5 53.Ra5 Rxc3 54.Rxb5+ Kf4 55.Rb7 Kxg4 56.Rxf7 Rc2+
57.Kg1 Kg5 58.b5 Rb2 59.Rb7 Kf6 60.b6 Ke5 61.Rb8 h3 62.Kh1 d5 63.Kg1 Ke4
64.Kh1 h2 65.Rb7 e5 66.Rb8 d4  0-1

[Event "Int Open ch-SVK 2012"]
[Site "Banska Stiavnica SVK"]
[Date "2012.07.15"]
[Round "9.9"]
[White "Kochetkova,J"]
[Black "Likavsky,T"]
[Result "0-1"]
[WhiteElo "2299"]
[BlackElo "2438"]

1.e4 c5 2.Nf3 e6 3.d4 cxd4 4.Nxd4 a6 5.Bd3 Nf6 6.Be3 e5 7.Nb3 d5 8.Bg5 dxe4
9.Bxf6 gxf6 10.Bxe4 Qxd1+ 11.Kxd1 f5 12.Bd5 Nd7 13.Re1 Bg7 14.Na5 Rb8 15.c3 O-O
16.Kc2 e4 17.f3 Nc5 18.Nb3 Rd8 19.Bxf7+ Kxf7 20.Nxc5 b6 21.Nb3 exf3 22.gxf3 Bb7
23.N1d2 Rd6 24.Re2 Rbd8 25.Rae1 R8d7 26.Nc4 Rh6 27.Nbd2 b5 28.Ne3 Kf6 29.Nef1 Kg5
30.Ng3 Bf8 31.Rg1 Kf6 32.Rge1 Rh3 33.Re6+ Kf7 34.R6e2 Bh6 35.Nxf5 Bxd2 36.Rxd2 Rxd2+
37.Kxd2 Bxf3 38.Nd6+ Kf6 39.Rf1 Ke6 40.Ne8 Rxh2+ 41.Ke3 Bb7 42.Ng7+ Ke7 43.Nf5+ Kd7
44.Rg1 Rg2 45.Rd1+ Kc7 46.b4 Rxa2 47.Nd4 Rg2 48.Ne6+ Kb6 49.Rd7 h5 50.Nc5 Bc6
51.Rh7 Rg5 52.Rh6 a5 53.Nb3 Rg3+ 54.Kf2 a4 55.Na5 Rxc3 56.Rxh5 a3 57.Nxc6 Kxc6
58.Ke2 a2 59.Rh6+ Kd5 60.Ra6 Rh3 61.Kd2 Kc4 62.Kc2 Rh2+  0-1

[Event "11th Condom Open A"]
[Site "Condom FRA"]
[Date "2012.07.15"]
[Round "2.9"]
[White "Ramahef,Eric"]
[Black "Petre,NT"]
[Result "1/2-1/2"]
[WhiteElo "2052"]
[BlackElo "2362"]

1.e4 c5 2.Nf3 e6 3.d4 cxd4 4.Nxd4 a6 5.Bd3 Qc7 6.O-O Nf6 7.Re1 Bd6 8.h3 Nc6
9.Nxc6 dxc6 10.Qe2 e5 11.Nd2 b5 12.a4 Bb7 13.Nf1 O-O 14.Ng3 g6 15.Bh6 Rfd8
16.c3 Nd7 17.Bc2 Nc5 18.a5 Qe7 19.Qg4 Bc8 20.Nf5 Qe6 21.b4 Nd7 22.Nxd6 Qxd6
23.Rad1 Qe7 24.Bg5 f6 25.Bb3+ Kg7 26.Be3 Nf8 27.Qh4 g5 28.Qh5 Be6 29.Bc5 Qf7
30.Bxf8+ Kxf8 31.Qh6+ Ke7 32.Bxe6 Kxe6 33.h4 Qg6 34.Qxg6  1/2-1/2

[Event "Corporation Centre Cup A"]
[Site "Izhevsk RUS"]
[Date "2012.07.15"]
[Round "1"]
[White "Vaseptsov,Maxim"]
[Black "Maletin,P"]
[Result "0-1"]
[WhiteElo "2223"]
[BlackElo "2596"]

1.e4 c5 2.Nf3 e6 3.d4 cxd4 4.Nxd4 a6 5.Bd3 Bc5 6.Nb3 Be7 7.Be3 d6 8.N1d2 Nf6
9.Qe2 O-O 10.f4 Nc6 11.O-O Nb4 12.Nd4 Qc7 13.Kh1 b5 14.a3 Nxd3 15.cxd3 Bb7
16.b4 Rac8 17.N2b3 Qd7 18.Ra2 g6 19.Rfa1 Nh5 20.f5 e5 21.Nf3 Rc3 22.Na5 Ba8
23.fxg6 hxg6 24.Rc2 Rxc2 25.Qxc2 Rc8 26.Qd2 Qe6 27.Rc1 d5 28.Rxc8+ Qxc8 29.exd5 Bxd5
30.Nxe5 Qf5 31.Nf3 Bxf3 32.gxf3 Qxf3+ 33.Kg1 Ng7 34.Qf2 Qd5 35.Qc2 Nf5 36.Bf2 Nd4
37.Bxd4 Qxd4+ 38.Kf1 Qa1+ 39.Kg2 Qxa3 40.Nc6 Bxb4 41.Qe2 Bf8 42.Qe4 Qd6 43.d4 b4  0-1

[Event "Corporation Centre Cup A"]
[Site "Izhevsk RUS"]
[Date "2012.07.15"]
[Round "1"]
[White "Vokarev,S"]
[Black "Khazieva,E"]
[Result "1-0"]
[WhiteElo "2437"]
[BlackElo "2085"]

1.e4 c5 2.Ne2 e6 3.d4 cxd4 4.Nxd4 a6 5.Bd3 Bc5 6.Nb3 Ba7 7.Qe2 Ne7 8.Be3 Nbc6
9.c4 d6 10.Nc3 O-O 11.O-O e5 12.Bxa7 Rxa7 13.Qe3 Ng6 14.Rfd1 Bg4 15.Rd2 Ra8
16.Bf1 Qb8 17.Qb6 Nf4 18.f3 Be6 19.Rc1 Rd8 20.Nd5 Rd7 21.Qe3 Bxd5 22.cxd5 Ne7
23.g3 Nfg6 24.Rdc2 b6 25.Bh3 Rb7 26.Nd2 Nf8 27.Nc4 Qd8 28.Qa3 Nc8 29.Nxe5  1-0

[Event "Turkish Bank Chess League 2012"]
[Site "Konya TUR"]
[Date "2012.07.15"]
[Round "5"]
[White "Dincok,G"]
[Black "Arig,B"]
[Result "0-1"]
[WhiteElo "1835"]
[BlackElo "1864"]

1.e4 c5 2.Nf3 e6 3.d4 cxd4 4.Nxd4 a6 5.Bd3 Nf6 6.O-O Qc7 7.Nd2 Be7 8.Qe2 d6
9.Kh1 Nbd7 10.c3 O-O 11.N2b3 d5 12.exd5 Nxd5 13.Nxe6 fxe6 14.Qxe6+ Kh8 15.Qxd5 Nf6
16.Qc4 Qe5 17.Bf4 Qh5 18.Rae1 Bd7 19.Bg3 Bb5 20.Qe6 Bxd3 21.Qxe7 Bxf1 22.Rxf1 Qb5
23.Kg1 Rae8 24.Qc5 Qd7 25.f3 Qf7 26.Qd4 Rd8 27.Qh4 Rde8 28.Nd4 Ne4 29.Re1 Nxg3
30.Rxe8 Rxe8 31.Qxg3 Qxa2 32.h3 Qxb2 33.Qc7 Qc1+ 34.Kh2 Qe3 35.f4 Rf8 36.Qxb7 Qxf4+
37.Kh1 Qd6 38.Kg1 a5 39.Qa7 Qe5 40.Nf3 Qxc3 41.Qe7 Rc8 42.Qh4 Qc4 43.Qh5 Qc5+  0-1

[Event "III Maravilhosa Open 2012"]
[Site "Laranjeiras BRA"]
[Date "2012.07.15"]
[Round "6.3"]
[White "De Paiva,P"]
[Black "Rezende,Guilherme Vilela"]
[Result "0-1"]
[WhiteElo "2293"]
[BlackElo "2049"]

1.e4 c5 2.Nf3 e6 3.d4 cxd4 4.Nxd4 a6 5.Bd3 Nf6 6.O-O e5 7.Nf3 Nc6 8.Nc3 Bc5
9.Nd5 h6 10.c3 d6 11.b4 Ba7 12.Be3 Nxd5 13.exd5 Ne7 14.c4 f5 15.Bc2 O-O 16.Qd2 a5
17.a3 Bxe3 18.fxe3 axb4 19.axb4 Rxa1 20.Rxa1 Ng6 21.c5 Qc7 22.Qc3 Ne7 23.Bb3 Kh7
24.Rc1 f4 25.exf4 Rxf4 26.cxd6 Qxd6 27.Qc7 Qxb4 28.Qxe5 Bg4 29.Bc2+ Ng6 30.Nh4 Bf5
31.Bxf5 Rxh4 32.Qg3 Qb6+ 33.Kh1 Rd4 34.Qe5 Qb2 35.Rf1 Qf2 36.Rb1 Rd2 37.Rg1 Re2
38.Be4 Qe3 39.Bxg6+ Kxg6 40.Qa1  0-1

[Event "Corporation Centre Cup A"]
[Site "Izhevsk RUS"]
[Date "2012.07.16"]
[Round "2"]
[White "Khazieva,E"]
[Black "Bronnikova,E"]
[Result "1-0"]
[WhiteElo "2085"]
[BlackElo "2239"]

1.e4 c5 2.Nf3 e6 3.d4 cxd4 4.Nxd4 a6 5.Bd3 Qb6 6.Nb3 d6 7.Be3 Qc7 8.c4 Nf6
9.Nc3 Nbd7 10.Rc1 b6 11.O-O Bb7 12.Qe2 Be7 13.Rfd1 O-O 14.f3 Rac8 15.Qf2 Nc5
16.Nxc5 bxc5 17.Rd2 Rfd8 18.Rcd1 Nd7 19.Qg3 Bf6 20.Ne2 Ne5 21.Nf4 Nxd3 22.Nxd3 Bd4
23.Bxd4 cxd4 24.b3 e5 25.Nf2 a5 26.Qg5 f6 27.Qg4 Qf7 28.Nd3 Rc7 29.Qg3 Rb8
30.Rb2 Ba6 31.Qe1 a4 32.Qa5 Ra7 33.Qd2 Rba8 34.Rc1 g6 35.Qb4 Qd7 36.Qd2 axb3
37.axb3 Bb7 38.b4 Ra3 39.b5 Qf7 40.c5 dxc5 41.Nxc5 Ra1 42.Rc2 Kh8 43.h3 f5
44.Qg5 Rxc1+ 45.Rxc1 Rf8 46.b6 Bc6 47.exf5 gxf5 48.Qh6 Bd5 49.Nd7 Re8 50.Nf6  1-0

[Event "Corporation Centre Cup A"]
[Site "Izhevsk RUS"]
[Date "2012.07.16"]
[Round "2"]
[White "Artemiev,V"]
[Black "Iliushkin,E"]
[Result "1-0"]
[WhiteElo "2477"]
[BlackElo "2264"]

1.e4 c5 2.Nf3 e6 3.d4 cxd4 4.Nxd4 a6 5.Bd3 Nc6 6.Nxc6 dxc6 7.Nd2 Qc7 8.a4 e5
9.O-O Nf6 10.Nc4 Be6 11.Qf3 Nd7 12.Qg3 f6 13.a5 Nc5 14.Be3 Nxd3 15.cxd3 Qf7
16.Bb6 Be7 17.Rad1 O-O 18.Ne3 Bd8 19.d4 exd4 20.Rxd4 Rc8 21.Rfd1 Bc7 22.Bxc7 Rxc7
23.h4 h6 24.Rd6 Re7 25.Qf4 Qh5 26.b4 Ree8 27.Nf1 c5 28.Ng3 Qf7 29.bxc5 Qc7
30.Rb1 Bc8 31.Qd2 Qxc5 32.Rc1 Qa3 33.Rc7 Qb3 34.Kh2 f5 35.exf5 Bxf5 36.Qd5+  1-0

[Event "Turkish Bank Chess League 2012"]
[Site "Konya TUR"]
[Date "2012.07.16"]
[Round "7"]
[White "Yigit,A"]
[Black "Sanal,S"]
[Result "0-1"]
[WhiteElo "1736"]
[BlackElo "1777"]

1.e4 c5 2.Nf3 e6 3.d4 cxd4 4.Nxd4 a6 5.Bd3 Qc7 6.Nc3 Nf6 7.O-O d6 8.Qe2 Be7
9.Bd2 O-O 10.Kh1 Nbd7 11.f4 Rd8 12.Rae1 Nc5 13.Nf3 g6 14.e5 Nh5 15.Qe3 Nxd3
16.cxd3 d5 17.Qf2 b5 18.Rc1 Qd7 19.Ne2 Bb7 20.Ned4 Rdc8 21.Nb3 Rxc1 22.Rxc1 Rc8
23.Nfd4 Ng7 24.Na5 Ba8 25.Ndb3 Nf5 26.d4 h5 27.Qe1 Qd8 28.a3 Kg7 29.Bb4 Bxb4
30.axb4 Rc4 31.Nxc4 dxc4 32.Nc5 Qxd4 33.Qc3 Qxf4 34.Nxa6 Ne3 35.Qd2 Bxg2+
36.Kg1 Bd5 37.Qf2 Qg5+ 38.Qg3 Ng4 39.Re1 h4 40.Qh3 Nxe5+ 41.Kf1 Nf3 42.Kf2 Nxe1
43.Qc3+ Qf6+ 44.Kxe1 Qxc3+ 45.bxc3 f5 46.Nc7 Bc6 47.Nxe6+ Kf6 48.Nd4 Bd7
49.Kf2 g5 50.Ke3 Kg6 51.Nf3 f4+ 52.Kd4 Kf5 53.Ne5 Be8 54.h3 Bh5 55.Nxc4 bxc4  0-1

[Event "112th ch-SUI 2012"]
[Site "Flims SUI"]
[Date "2012.07.17"]
[Round "7.1"]
[White "Kurmann,O"]
[Black "Zueger,B"]
[Result "1/2-1/2"]
[WhiteElo "2460"]
[BlackElo "2412"]

1.e4 c5 2.Nf3 e6 3.d4 cxd4 4.Nxd4 a6 5.Bd3 Bc5 6.Nb3 Ba7 7.Qe2 Nc6 8.Be3 d6
9.O-O Nf6 10.c4 e5 11.Bxa7 Rxa7 12.Nc3 Be6 13.Qe3 b6 14.Rfd1 Nd7 15.Be2 Nc5
16.Rd2 O-O 17.Rad1 Rd7 18.Na1 f5 19.exf5 Bxf5 20.Bf3 Nd4 21.Bd5+ Kh8 22.Ne2 Nxe2+
23.Qxe2 Rf6 24.b3 a5 25.Nc2 Bxc2 26.Rxc2 Re7 27.f3 Qc7 28.Qe3 h6 29.Rcd2 Re8
30.g3 Ref8 31.Kg2 Qc8 32.Rf1 Qc7 33.Rdf2 Qd8 34.Rd2 Qc7 35.Rdf2 Qd8 36.Rd2  1/2-1/2

[Event "Corporation Centre Cup A"]
[Site "Izhevsk RUS"]
[Date "2012.07.17"]
[Round "3"]
[White "Severiukhina,Z"]
[Black "Khazieva,E"]
[Result "1-0"]
[WhiteElo "2337"]
[BlackElo "2085"]

1.e4 c5 2.Nf3 e6 3.d4 cxd4 4.Nxd4 a6 5.Bd3 Bc5 6.Nb3 Be7 7.Be3 d6 8.f4 Nf6
9.N1d2 Qc7 10.Qe2 Nc6 11.O-O-O Nb4 12.Kb1 b5 13.g4 Bb7 14.g5 Nd7 15.Rhf1 a5
16.Nd4 Nxd3 17.cxd3 b4 18.Rc1 Nc5 19.f5 e5 20.N4b3 a4 21.Nxc5 dxc5 22.f6 gxf6
23.gxf6 Bf8 24.Nc4 Ba6 25.Rf5 Bxc4 26.Rxc4 Rd8 27.Qc2  1-0

[Event "5th Paleochora Open"]
[Site "Paleochora GRE"]
[Date "2012.07.17"]
[Round "2.14"]
[White "Rigopoulos Tsigkos,A"]
[Black "Rychagov,A"]
[Result "0-1"]
[WhiteElo "2093"]
[BlackElo "2517"]

1.e4 c5 2.Nf3 e6 3.d4 cxd4 4.Nxd4 a6 5.Bd3 Bc5 6.Nb3 Be7 7.O-O d6 8.Qg4 g6
9.Qe2 Nc6 10.c4 Ne5 11.Nc3 Qc7 12.f4 Nxd3 13.Qxd3 Nf6 14.e5 Nd7 15.exd6 Qxd6
16.Qf3 Nf6 17.Be3 Qc7 18.Bd4 O-O 19.Rac1 Bd7 20.Rfe1 Bc6 21.Nd5 exd5 22.cxd5 Nxd5
23.Qxd5 Qxf4 24.Rxc6 bxc6 25.Qc4 Bf6 26.Rf1 Bxd4+ 27.Nxd4 Qe4 28.Qc3 c5 29.Nf3 Rfe8
30.Kh1 Qd5 31.Qf6 h6 32.Nh4 Qe6  0-1

[Event "Corporation Centre Cup A"]
[Site "Izhevsk RUS"]
[Date "2012.07.18"]
[Round "4.15"]
[White "Severiukhina,Z"]
[Black "Shaposhnikov,E"]
[Result "0-1"]
[WhiteElo "2337"]
[BlackElo "2545"]

1.e4 c5 2.Nf3 e6 3.d4 cxd4 4.Nxd4 a6 5.Bd3 Bc5 6.Nb3 Be7 7.Be3 Nf6 8.f4 d6
9.N1d2 O-O 10.Qe2 Nc6 11.g4 Nb4 12.g5 Nd7 13.a3 Nxd3+ 14.Qxd3 b5 15.a4 bxa4
16.Rxa4 e5 17.h4 exf4 18.Bxf4 Ne5 19.Bxe5 dxe5 20.Qxd8 Rxd8 21.Ke2 f6 22.gxf6 gxf6
23.Rf1 Bd7 24.Ra5 Rac8 25.c4 Be6 26.Ra4 Kf7 27.Nf3 Bg4 28.Ke3 Ke8 29.Nfd2 Rc6
30.Rc1 Rcd6 31.Rc3 Rxd2  0-1

[Event "Corporation Centre Cup A"]
[Site "Izhevsk RUS"]
[Date "2012.07.18"]
[Round "4.49"]
[White "Makarenko,A"]
[Black "Karavaeva,N"]
[Result "1-0"]
[WhiteElo "2141"]
[BlackElo "2027"]

1.e4 c5 2.Nf3 e6 3.d4 cxd4 4.Nxd4 a6 5.Bd3 Nc6 6.Nxc6 bxc6 7.c4 d5 8.cxd5 cxd5
9.exd5 Qxd5 10.Nc3 Qe5+ 11.Be4 Ra7 12.Be3 Bc5 13.Qa4+ Bd7 14.Qa5 Rc7 15.f4 Qd6
16.Rd1 Bb4 17.Rxd6 Bxa5 18.Rxa6 Bxc3+ 19.bxc3 Rxc3 20.Kd2 Rc8 21.Rc1 Ne7
22.a4 Rxc1 23.Kxc1 O-O 24.Ra7 Rc8+ 25.Kb2 Bc6 26.Bxc6 Nxc6 27.Rd7 Na5 28.Bd4 h5
29.Bc3 Nc4+ 30.Kb3 Ne3 31.a5 Nxg2 32.a6 Nxf4 33.a7 Ra8 34.Rb7 Rxa7 35.Rxa7 f6
36.Kc4 e5 37.Bd2 Ne6 38.Kd5 Nd4 39.Be3 Nf5 40.Bf2 Kh7 41.Ke6 Kg6 42.Ra3 Kg5
43.Rf3 g6 44.Bb6 h4 45.Rf1 e4 46.Rg1+ Kh5 47.Kxf6 h3 48.Rg5+  1-0

[Event "23rd Czech Open Rapid"]
[Site "Pardubice CZE"]
[Date "2012.07.18"]
[Round "1.9"]
[White "Maslak,A"]
[Black "Ghaem Maghami,E"]
[Result "0-1"]
[WhiteElo "2190"]
[BlackElo "2577"]

1.e4 c5 2.Nf3 e6 3.d4 cxd4 4.Nxd4 a6 5.Bd3 Nf6 6.c4 Nc6 7.Nxc6 dxc6 8.O-O e5
9.Bg5 Be7 10.Nc3 Be6 11.Qe2 O-O 12.Rad1 Nd7 13.Be3 Qa5 14.a3 Rfe8 15.Ra1 Qd8
16.g3 a5 17.Rad1 Bc5 18.f4 Bg4 19.Qxg4 Bxe3+ 20.Kh1 Bd4 21.Bb1 Qe7 22.Qf3 Rad8
23.Rd2 Nb6 24.b3 Qxa3 25.fxe5 Qe7 26.Nd5 cxd5 27.Rxd4 dxc4 28.Rd6 Nd7 29.Rd5 Nxe5
30.Qc3 Rxd5 31.exd5 Qb4 32.Qxb4 axb4 33.bxc4 Nxc4 34.Ba2 b3  0-1

[Event "23rd Czech Open Rapid"]
[Site "Pardubice CZE"]
[Date "2012.07.18"]
[Round "1.15"]
[White "Sabuk,P"]
[Black "Simantsev,M"]
[Result "1-0"]
[WhiteElo "2170"]
[BlackElo "2531"]

1.e4 c5 2.Nf3 e6 3.d4 cxd4 4.Nxd4 a6 5.Bd3 Nf6 6.O-O d6 7.Nc3 g6 8.Be3 Bg7
9.a4 b6 10.Qe2 O-O 11.Rad1 Bb7 12.f4 Nbd7 13.Bf2 Qc7 14.Kh1 Rfe8 15.Nb3 Nc5
16.a5 Nxd3 17.Rxd3 bxa5 18.Ra1 Rab8 19.Rxa5 Nxe4 20.Nxe4 Bxe4 21.Qxe4 Qxc2
22.Nd2 d5 23.Qf3 Rxb2 24.Bg1 Rb4 25.Rc5 Qa2 26.Nb3 Reb8 27.Nd4 Rb1 28.h3 Qa1
29.Qe3 Re1 30.Qf2 Rf1 31.Nc2 Rxf2 32.Nxa1 Rf1 33.Rb3 Rd8 34.Nc2 d4 35.Kh2 d3
36.Rxd3 Ra8 37.Bd4 Bf8 38.Rc7 Rxf4 39.Be5 Rf5 40.Bg3 a5 41.Ne3 Rg5 42.Ng4 h5
43.Nf6+ Kg7 44.Rdd7 Rxg3 45.Rxf7+ Kh6 46.Rh7+ Kg5 47.Ne4+ Kh4 48.Nxg3 Bd6
49.Rc4+ Kg5 50.h4+ Kf6 51.Kh3  1-0

[Event "23rd Czech Open Rapid"]
[Site "Pardubice CZE"]
[Date "2012.07.18"]
[Round "3.10"]
[White "Zaslavsky,M"]
[Black "Kalod,R"]
[Result "1/2-1/2"]
[WhiteElo "2441"]
[BlackElo "2497"]

1.e4 c5 2.Nf3 e6 3.d4 cxd4 4.Nxd4 a6 5.Bd3 Bc5 6.Nb3 Be7 7.O-O d6 8.Nc3 Nd7
9.f4 Ngf6 10.a4 b6 11.Qe2 Qc7 12.Bd2 Bb7 13.a5 b5 14.Rae1 e5 15.Kh1 O-O 16.Qf3 Rfe8
17.Qh3 Bf8 18.Qh4 Be7 19.Qh3 Bf8 20.Qh4 Be7  1/2-1/2

[Event "7th Nana Aleksandria Cup"]
[Site "Poti GEO"]
[Date "2012.07.18"]
[Round "6.21"]
[White "Benidze,G"]
[Black "Minasyan,A"]
[Result "0-1"]
[WhiteElo "1982"]
[BlackElo "2204"]

1.e4 c5 2.Nf3 e6 3.d4 cxd4 4.Nxd4 a6 5.Bd3 Qc7 6.O-O Nf6 7.Qe2 d6 8.c4 Nbd7
9.Nc3 Ne5 10.Bg5 Nxd3 11.Qxd3 Be7 12.Rac1 h6 13.Bh4 O-O 14.Rfd1 b6 15.f4 Bb7
16.f5 Ng4 17.Bxe7 Qxe7 18.Nf3 Rfd8 19.h3 Nf6 20.Qe2 exf5 21.exf5 Qxe2 22.Nxe2 Bxf3
23.gxf3 d5 24.c5 bxc5 25.Rxc5 Rab8 26.b3 Re8 27.Kf2 Re5 28.Nd4 Rb6 29.Rc6 Rxc6
30.Nxc6 Re8 31.Nb4 Rc8 32.Ke3 Re8+ 33.Kf2 Rc8  0-1

[Event "6th Varna Open"]
[Site "Varna BUL"]
[Date "2012.07.18"]
[Round "7.14"]
[White "Petkov,H"]
[Black "Sisoev,Robert"]
[Result "1-0"]
[WhiteElo "2053"]
[BlackElo "1672"]

1.e4 c5 2.Nf3 e6 3.d4 cxd4 4.Nxd4 a6 5.Bd3 Bc5 6.Nb3 Ba7 7.O-O Nc6 8.Qe2 Nge7
9.Be3 b5 10.c4 bxc4 11.Bxc4 Ne5 12.Bxa7 Nxc4 13.Bd4 Nd6 14.Bxg7 Rg8 15.Be5 Nb5
16.a4 Nc7 17.Rc1 Nc6 18.Bd6 a5 19.Na3 e5 20.Bxc7 Qxc7 21.Nb5 Qb8 22.Qh5 Rg7
23.Qh6 Rg6 24.Qxh7 Ba6 25.Rc3 Ke7 26.Qh4+ Kf8 27.Nc5 Bc8 28.Rd1 Nd4 29.Nxd4 exd4
30.Qh8+ Ke7 31.Rh3 Bb7 32.Qxd4 f6 33.Rg3 Rxg3 34.hxg3  1-0

[Event "Turkish Bank Chess League 2012"]
[Site "Konya TUR"]
[Date "2012.07.19"]
[Round "10"]
[White "Sasmazel,B"]
[Black "Arig,B"]
[Result "1/2-1/2"]
[WhiteElo "1873"]
[BlackElo "1864"]

1.e4 c5 2.Nf3 e6 3.d4 cxd4 4.Nxd4 a6 5.Bd3 Nf6 6.O-O Qc7 7.Qe2 d6 8.c4 g6
9.Nc3 Bg7 10.Nf3 O-O 11.Rd1 Nbd7 12.h3 b6 13.Bc2 Rd8 14.Bf4 e5 15.Bg5 Bb7
16.b4 b5 17.Nd5 Bxd5 18.cxd5 Rdc8 19.Bb3 Nb6 20.Rac1 Qb7 21.Ne1 h6 22.Bd2 Rxc1
23.Rxc1 Rc8 24.f3 Rxc1 25.Bxc1 Qc7 26.Be3 Nfd7 27.Nd3  1/2-1/2

[Event "5th Paleochora Open"]
[Site "Paleochora GRE"]
[Date "2012.07.19"]
[Round "5.15"]
[White "Ashwin,J"]
[Black "Rigopoulos Tsigkos,A"]
[Result "1-0"]
[WhiteElo "2476"]
[BlackElo "2093"]

1.e4 c5 2.Nf3 e6 3.d4 cxd4 4.Nxd4 a6 5.Bd3 Bc5 6.Nb3 Be7 7.Qg4 g6 8.Qe2 d6
9.a4 b6 10.Na3 Nd7 11.Nc4 Ne5 12.Nxe5 dxe5 13.O-O Qc7 14.f4 Bd6 15.f5 gxf5
16.exf5 Ne7 17.fxe6 Bxe6 18.Bg5 Rg8 19.Bf6 Ng6 20.Bxa6 Rxa6 21.Qxa6 Bd5 22.Rfd1 Bc5+
23.Kf1 Bxg2+ 24.Ke1 Be7 25.Bxe7 Nxe7 26.Qd3 Rg6 27.a5 Bd5 28.Kd2 e4 29.Qb5+ Bc6
30.Qc4 Qf4+ 31.Kc3 Bd5 32.Rxd5 Rc6 33.Qxc6+ Nxc6 34.axb6 Qe3+ 35.Kc4 Qxb6
36.Ra8+ Ke7 37.Rb5 Qf2 38.Kd5 Qxc2 39.Rb7+ Kf6 40.Rb6 Kf5 41.Re8 Kf4 42.Nc5 Qd2+
43.Kxc6 f5 44.Ne6+ Ke3 45.Rf8 Qc2+ 46.Kb7 Qd1 47.Rxf5 Qd7+ 48.Ka6 Qc8+ 49.Ka5 Qa8+
50.Kb4 Qa2 51.Kc3 Qb1 52.Nc5 Ke2 53.Re5 Qc1+ 54.Kb3 Qd1+ 55.Ka2 e3 56.Rb3 Kf1
57.Rbxe3 Qd4 58.Nb3 Qa7+ 59.Kb1 h5 60.Nd2+ Kg1 61.Re2 Qh7+ 62.Kc1 Qc7+ 63.Kd1 Qd7
64.Ke1 Qa4 65.Nf3+ Kh1 66.Kf2 Qa7+ 67.R5e3  1-0

[Event "23rd Czech Open Rapid"]
[Site "Pardubice CZE"]
[Date "2012.07.19"]
[Round "7.3"]
[White "Kravtsiv,M"]
[Black "Lalic,B"]
[Result "0-1"]
[WhiteElo "2582"]
[BlackElo "2495"]

1.e4 c5 2.Nf3 e6 3.d4 cxd4 4.Nxd4 a6 5.Bd3 Nf6 6.Nc3 Nc6 7.Nxc6 dxc6 8.f4 e5
9.f5 b5 10.Qf3 Qc7 11.O-O Bb7 12.a4 b4 13.Nd1 c5 14.b3 Be7 15.Ne3 Qc6 16.Nc4 Qc7
17.Bb2 Nd7 18.Qg3 Bf6 19.a5 O-O 20.Ne3 Qd8 21.Ng4 Bh4 22.Qh3 Qe7 23.Nxe5 Nxe5
24.Bxe5 Qxe5 25.Qxh4 f6 26.Rae1 Rad8 27.Rf3 h6 28.Qg4 Rfe8 29.Rg3 Re7 30.Qe2 Kh8
31.Re3 Qd4 32.Kh1 Rde8 33.h3 Qd8 34.Ra1 Re5 35.Kh2 c4 36.Bxc4 Bxe4 37.Be6 Qc7
38.g3 Rc5 39.Bc4 Rce5 40.Be6 Rc5 41.Bc4 Rce5 42.Be6 Rc5 43.c4 Bxf5 44.Bd5 Re5
45.Re1 Rexd5 46.Re7 Re5  0-1

[Event "23rd Czech Open Rapid"]
[Site "Pardubice CZE"]
[Date "2012.07.19"]
[Round "9.5"]
[White "Kravtsiv,M"]
[Black "Coleman,T"]
[Result "1-0"]
[WhiteElo "2582"]
[BlackElo "2379"]

1.e4 c5 2.Nf3 e6 3.d4 cxd4 4.Nxd4 a6 5.Bd3 Bc5 6.Nb3 Ba7 7.Nc3 Nc6 8.Qe2 d6
9.Be3 Nge7 10.O-O-O Qc7 11.f4 O-O 12.Bxa7 Rxa7 13.g4 b5 14.Qe3 Bd7 15.Kb1 b4
16.Ne2 Rc8 17.h4 a5 18.h5 a4 19.Nd2 Rb8 20.h6 g6 21.Qf2 Nc8 22.Nc4 b3 23.cxb3 axb3
24.a3 d5 25.Ne3 dxe4 26.Bxe4 Nd6 27.Nc3 Be8 28.Bf3 Rc8 29.Rd2 Na5 30.Rc1 Nac4
31.Nxc4 Nxc4 32.Rdd1 Qxf4 33.Qxa7 Qxf3 34.Qd4 e5 35.Qe4 Qf2 36.Qe2 Qf4 37.Qe4 Qf3
38.Qe2 Qf2  1-0

[Event "27th Gniota Memorial"]
[Site "Police POL"]
[Date "2012.07.19"]
[Round "9.2"]
[White "Musialkiewicz,J"]
[Black "Olszewski,Mi"]
[Result "1/2-1/2"]
[WhiteElo "2189"]
[BlackElo "2526"]

1.e4 c5 2.Nf3 e6 3.d4 cxd4 4.Nxd4 a6 5.Bd3 Nf6 6.c4 d6 7.O-O g6 8.Nc3 Bg7
9.Be3 O-O 10.f3 Nbd7 11.Rc1 Re8 12.Qd2 b6 13.Rfd1 Bb7 14.Bf1 Qc7 15.b4 Rad8
16.Nb3 Bf8 17.Qf2 Ba8 18.Na4 Rb8 19.a3 Qc6 20.Nc3 Qb7 21.Rb1 Qc7 22.Rdc1 Bg7
23.a4 Ne5 24.a5 bxa5 25.Nxa5 Qd7 26.b5 d5 27.Qd2 axb5 28.cxb5 Red8 29.Nc6 Nxc6
30.bxc6 Bxc6 31.exd5 Rxb1 32.Rxb1 exd5 33.Ne2 Bb5 34.Qa5 Bd3 35.Rb7 Qe8 36.Bc5 Ra8
37.Qd2 Qc8 38.Qb4 Ba6 39.Ra7 Rb8 40.Qa3 Bc4 41.Bd6 Bf8 42.Ng3 Qc6 43.Bxf8 Rxf8
44.Bxc4 Qb6+ 45.Kf1 dxc4 46.Ra8 Qb1+ 47.Kf2 Rxa8 48.Qxa8+ Kg7 49.Qa5 Qb2+
50.Ne2 Nd7 51.Ke3 Ne5 52.Qc3 Qb6+ 53.Qd4 Qb3+ 54.Nc3 f6 55.f4 Ng4+ 56.Kf3 h5
57.h3 Nh6 58.g4 hxg4+ 59.hxg4 Qb7+ 60.Nd5 c3 61.Qxf6+ Kh7 62.Qxc3 Qxd5+ 63.Kg3 Qd7
64.Qf3 Nf7 65.Qe3 Qd6 66.Kh3 Kg7 67.Kh4 Qf6+ 68.Kg3 Qb2 69.Kh3 Kf6 70.Kg3 Nd8
71.Kh3 Ne6 72.f5 Ng5+ 73.Kg3 Qb8+ 74.Kf2 Qh2+ 75.Ke1 Qh1+ 76.Ke2 Qg2+ 77.Kd3 Qf1+
78.Kc2 Qg2+ 79.Kb3 Qd5+ 80.Kb2 Qb5+ 81.Qb3 Qe2+ 82.Qc2 Qxg4 83.fxg6 Ne6 84.Ka3 Nd4
85.Qc4 Qf3+ 86.Kb4 Qb7+ 87.Kc3 Nb5+ 88.Kd3 Qf3+ 89.Kd2 Qf2+ 90.Kd1 Qg1+ 91.Kd2 Qg5+
92.Ke1 Qe3+ 93.Qe2 Qc3+ 94.Qd2 Qe5+ 95.Qe2 Qa1+ 96.Qd1 Qb2 97.Qf3+ Kxg6 98.Qg3+  1/2-1/2

[Event "Turkish Bank Chess League 2012"]
[Site "Konya TUR"]
[Date "2012.07.20"]
[Round "11"]
[White "Kaplan,E"]
[Black "Sanal,S"]
[Result "1-0"]
[WhiteElo "1893"]
[BlackElo "1777"]

1.e4 c5 2.Nf3 e6 3.d4 cxd4 4.Nxd4 a6 5.Bd3 Qc7 6.O-O Nf6 7.Qe2 d6 8.c4 Nbd7
9.f4 Be7 10.Nc3 O-O 11.Bd2 Rd8 12.Kh1 b6 13.b4 Bb7 14.a3 Bf8 15.Rae1 g6 16.e5 Nh5
17.f5 dxe5 18.fxg6 hxg6 19.Bxg6 fxg6 20.Nxe6 Qd6 21.Nxd8 Rxd8 22.Bg5 Be7
23.c5 bxc5 24.Qa2+ Kh8 25.Rd1 Qxd1 26.Rxd1 Bxg5 27.Qf7 Nf4 28.Rxd7 Rxd7 29.Qe8+  1-0

[Event "23rd Czech Open A"]
[Site "Pardubice CZE"]
[Date "2012.07.20"]
[Round "1.43"]
[White "Kasparov,S"]
[Black "Feldtmann,T"]
[Result "1/2-1/2"]
[WhiteElo "2493"]
[BlackElo "2257"]

1.e4 c5 2.Nf3 e6 3.d4 cxd4 4.Nxd4 a6 5.Bd3 Bc5 6.Nb3 Be7 7.c4 d6 8.Nc3 Nf6
9.O-O b6 10.Be3 Bb7 11.f3 Qc7 12.Qd2 Nbd7 13.Rfc1 O-O 14.Bf1 Rfe8 15.Qf2 Rac8
16.a4 Nc5 17.Ra3 Nfd7 18.a5 bxa5 19.Nxa5 Ne5 20.Qd2 Ba8 21.b4 Ncd7 22.Nd1 h5
23.Nf2 Qb8 24.Rb3 Bd8 25.Rbb1 Bxa5 26.bxa5 Qc7 27.c5 Nxc5 28.Bxa6 Rb8 29.Be2 Qe7
30.Rd1 d5 31.Qc3 Ncd7 32.Rxb8 Rxb8 33.Bf4 Qf6 34.Qe3 Rb2 35.Bf1 Ra2 36.a6 Ng6
37.Nh3 Qb2 38.Qa7 Bc6 39.exd5 exd5 40.Rd2 Qb1 41.Rxa2 Qxa2 42.Qf2 Qa1 43.Be3 Ndf8
44.a7 Ne6 45.Qc2 Ne7 46.Bb6 Bb7 47.Qd2 Nc8 48.Ba5 d4 49.Qe1 Qxe1 50.Bxe1 Nxa7
51.Bc4 Nc6 52.Bf2 Bc8 53.Bd5 Ncd8 54.Bh4 f6 55.Nf2 Ba6 56.Bg3 Kf8 57.Bd6+ Ke8
58.Ne4 Kd7 59.Ba3 Bb7 60.Bxe6+ Nxe6  1/2-1/2

[Event "23rd Czech Open A"]
[Site "Pardubice CZE"]
[Date "2012.07.20"]
[Round "1.20"]
[White "Pesotsky,V"]
[Black "Simantsev,M"]
[Result "1-0"]
[WhiteElo "2283"]
[BlackElo "2531"]

1.e4 c5 2.Nf3 e6 3.d4 cxd4 4.Nxd4 a6 5.Bd3 Nf6 6.O-O d6 7.c4 g6 8.Nc3 Bg7
9.Be3 O-O 10.Rc1 Nbd7 11.b3 Qc7 12.f3 b6 13.Qd2 Re8 14.Rfd1 Bb7 15.Bf1 Bf8
16.Qf2 Rac8 17.Nde2 Ba8 18.Na4 Nc5 19.Nec3 Bc6 20.Nb2 Qb8 21.Kh1 Ncd7 22.b4 b5
23.cxb5 axb5 24.a4 bxa4 25.b5 a3 26.bxc6 axb2 27.cxd7 Nxd7 28.Rc2 Rxc3 29.Rxb2 Rb3
30.Rdb1 Rxb2 31.Rxb2 Qc7 32.Rc2 Nc5 33.e5 Rc8 34.exd6 Bxd6 35.Qh4 Be7 36.Qd4 h5
37.Rc4 Qc6 38.Qc3 Kh7 39.Bd4 Qd5 40.Qc2 Rc7 41.Bf2 e5 42.Rc3 Kg7 43.h3 h4
44.Rc4 g5 45.Bg1 Rc6 46.Qf5 Rg6 47.Bd4 Re6 48.Bxc5 Bxc5 49.Bd3 Rg6 50.Qe4 Qd6
51.Qe2 Rh6 52.Ra4 Rh8 53.Qe4 Rd8 54.Ra6 Qxa6 55.Qh7+ Kf6 56.Qh6+ Ke7 57.Qxa6  1-0

[Event "23rd Czech Open A"]
[Site "Pardubice CZE"]
[Date "2012.07.20"]
[Round "1.72"]
[White "Braeuer,F"]
[Black "Kanovsky,D"]
[Result "1-0"]
[WhiteElo "2205"]
[BlackElo "2428"]

1.e4 c5 2.Nf3 e6 3.d4 cxd4 4.Nxd4 a6 5.Bd3 Nf6 6.O-O d6 7.c4 g6 8.Nc3 Bg7
9.Nf3 Nc6 10.Re1 O-O 11.Bf1 Ng4 12.h3 Nge5 13.Nxe5 dxe5 14.Qxd8 Rxd8 15.Bg5 f6
16.Be3 Nd4 17.Red1 f5 18.Bg5 Re8 19.Na4 h6 20.Nb6 Rb8 21.Bd2 fxe4 22.Rac1 Rd8
23.Bb4 Kf7 24.Re1 Nc6 25.Bc3 Bd7 26.Rxe4 Be8 27.c5 Nd4 28.Nc4 Rd5 29.b4 Rbd8
30.Ree1 Bc6 31.Nb6 e4 32.Nxd5 exd5 33.Red1 Ne6 34.Bxg7 Kxg7 35.Ra1 Ba4 36.Rd2 Kf6
37.Rb1 d4 38.Bc4 d3 39.Bxe6 Kxe6 40.Re1 Kf5 41.f3 exf3 42.gxf3 Rd4 43.a3 g5
44.Re7 Bc6 45.Kf2 h5 46.Re3 Bb5 47.Re7 Bc6 48.Ke3 Rh4 49.Rh2 Kf6 50.Rh7 Kg6
51.Rh8 Kg7 52.Rd8 g4 53.Rxd3 g3 54.Rg2 Rxh3 55.Kf4 h4 56.Rd1 Ba4 57.Re1 Kf6
58.Rd2  1-0